Can You Guess the 5 People That I am Thinking Of - Statistics

General Stats
  • This quiz has been taken 21 times
  • The average score is 3 of 6
Answer Stats
Hint Answer % Correct
Wizard Harry Potter
95%
Bonus: He's a Starfish Patrick Star
75%
Supreme Leader Kim Jong Un
65%
Olympic Athlete Usain Bolt
50%
Singer Adele
10%
Actor Morgan Freeman
5%
No matching quizzes found
Score Distribution
Percent of People with Each Score
Percentile by Number Answered
Your Score History
You have not taken this quiz